000 01131cam a2200289 4500
008 090401t1993 xxu||||| |||| 00| 0 eng d
020 _a0117527246
035 _a(Sirsi) u63305
041 _aeng
050 _a711.52
110 _aUnited Kingdom
_bDepartment of the Environment
_9982
245 _aEast Thames corridor: a study of the development capacity and potential.
260 _aLondon
_bHMSO
_c1993
300 _a111p. : ill. ; 30cm.
350 _a25
520 _aThe final report of the East Thames Corridor development capacity study commissioned by the DoE from Llewelyn Davies, Roger Tym and Partners, TecnEcon and Environmental Resources Ltd. After setting the study area in its context and describing its charateristices, the report examines the strategic choices available for development.
650 _aEAST THAMES CORRIDOR
650 _aENVIRONMENTAL RESOURCES LTD
650 _aLLEWELYN DAVIES
650 _aROGER TYM AND PARTNERS
650 _aSERPLAN
650 _aTECNECON
650 _aURBAN DEVELOPMENT
690 _aPROPERTY-PROPERTY DEVELOPMENT
942 _n0
948 _c04/03/1997
999 _c94527
_d94527